Participantes do BBB 2020 - Statistics

Estatísticas Gerais
  • Esse quiz foi jogado 322 vezes
  • A pontuação média é 17 de 20
Estatísticas das Respostas
Hint Resposta % Correto
Camarote Babu Santana
98%
Pipoca Felipe Prior
98%
Camarote Manu Gavassi
98%
Camarote Rafa Kalimann
95%
Pipoca Thelma
92%
Casa de Vidro Daniel
90%
Camarote Bianca Andrade
89%
Casa de Vidro Ivy
88%
Camarote Pyong Lee
87%
Pipoca Lucas Gallina
85%
Pipoca Marcela
84%
Pipoca Gizelly
80%
Pipoca Hadson
79%
Camarote Mari Gonzalez
79%
Camarote Gabi Martins
78%
Pipoca Flayslane
75%
Pipoca Guilherme
75%
Pipoca Victor Hugo
72%
Camarote Petrix Barbosa
71%
Camarote Lucas Chumbo
70%
Nenhum quiz correspondente encontrado
Distribuição das Pontuações
Porcentagem de Pessoas com Cada Pontuação
Percentil de Números Respondidos
Sua Pontuação Histórica
Você não jogou esse quiz